Hodnotenie ekonomickej a finančnej výkonnosti malých a stredných podnikov v krajinách V4 záverečná správa z riešenia projektu pre mladých učiteľov, vedeckých pracovníkov a doktorandov v dennej forme štúdia k projektu č. I-17-105-00 : doba riešenia 1 rok (2017)

Salvato in:
Dettagli Bibliografici
Autore principale: Lukáč, Jozef, 1991-
Ente Autore: Podnikovohospodárska fakulta EU so sídlom v Košiciach. Katedra finančného riadenia podniku
Altri autori: Lukáč, Jakub, 1992-, Rozkošová, Anna, Juhászová, Zuzana, 1970-, Bobáková, Viktória
Natura: Libro
Lingua:slovacco
Pubblicazione: Košice 2018
Soggetti:
Tags: Aggiungi Tag
Nessun Tag, puoi essere il primo ad aggiungerne!!

MARC

LEADER 00000nam a2200000 4500
001 0239812
005 20241002123406.9
041 0 |a slo 
044 |a SK 
245 1 0 |a Hodnotenie ekonomickej a finančnej výkonnosti malých a stredných podnikov v krajinách V4  |b záverečná správa z riešenia projektu pre mladých učiteľov, vedeckých pracovníkov a doktorandov v dennej forme štúdia k projektu č. I-17-105-00 : doba riešenia 1 rok (2017)  |c Jozef Lukáč, Jakub Lukáč, Anna Rozkošová ; oponenti: Zuzana Juhászová, Viktória Bobáková 
264 1 |a Košice  |c 2018 
300 |a [60 s.] 
610 2 0 |a výkonnosť podniku 
610 2 0 |a podnikanie malé 
610 2 0 |a podnikanie stredné 
610 2 0 |a Vyšehradská štvorka 
100 1 |a Lukáč, Jozef, 1991- 
700 1 |a Lukáč, Jakub, 1992- 
700 1 |a Rozkošová, Anna 
700 1 |a Juhászová, Zuzana, 1970- 
700 1 |a Bobáková, Viktória 
710 2 |a Podnikovohospodárska fakulta EU so sídlom v Košiciach. Katedra finančného riadenia podniku